Podstata štátneho a školského vzdelávacieho programu škôl podľa školského zákona (2013)

Štátny vzdelávací program je záväzným dokumentom pre vytvorenie individuálneho školského vzdelávacieho programu školy, kde sa zohľadňujú špecifické lokálne a regionálne podmienky a potreby.

Enregistré dans:
Détails bibliographiques
Auteur principal: Neupauerová, Zuzana
Format: Chapitre de livre
Langue:slovaque
Sujets:
Tags: Ajouter un tag
Pas de tags, Soyez le premier à ajouter un tag!

MARC

LEADER 00000nla a2200000 4500
001 0175539
005 20240502073008.5
041 0 |a slo 
044 |a SK 
245 1 0 |a Podstata štátneho a školského vzdelávacieho programu škôl podľa školského zákona (2013)  |c Zuzana Neupauerová 
520 |a Štátny vzdelávací program je záväzným dokumentom pre vytvorenie individuálneho školského vzdelávacieho programu školy, kde sa zohľadňujú špecifické lokálne a regionálne podmienky a potreby. 
610 2 0 |a Slovensko 
610 2 0 |a školstvo 
610 2 0 |a školy 
610 2 0 |a politika školská 
610 2 0 |a plán učebný 
610 2 0 |a sústava výchovno-vzdelávacia 
610 2 0 |a klasifikácia 
100 1 |a Neupauerová, Zuzana